Systems of Organization : The control af task and sentient boundaries /

Guardado en:
Detalles Bibliográficos
Autores principales: Miller, E.J (Autor), Rice, A.K (Autor)
Formato: Libro
Lenguaje:inglés
Publicado: London : Tavistock Publications, 1967
Etiquetas: Agregar Etiqueta
Sin Etiquetas, Sea el primero en etiquetar este registro!

MARC

LEADER 00000nam a22000003a 4500
001 stu39420
005 20150617225721.8
008 930126s1967----uk------------------eng-d
040 |a STU  |b slo 
041 0 |a eng 
044 |a uk 
100 1 |a Miller, E.J  |4 aut 
245 1 |a Systems of Organization :  |b The control af task and sentient boundaries /  |c [aut.]E.J. Miller, A.K. Rice 
260 |a London :  |b Tavistock Publications,  |c 1967 
300 |a 286 s 
700 1 |a Rice, A.K  |4 aut 
996 |b 284M012400  |c M*5538-1  |l MMKN  |s A  |a 24  |w stu39420_0001